[Event "World-chT Rapid"]
[Site "Dusseldorf"]
[Date "2023.08.27"]
[Round "7.14"]
[White "Nguku Namale, Ben"]
[Black "Perossa, Nicolas"]
[Result "0-1"]
[WhiteElo "1967"]
[BlackElo "2265"]
[PlyCount "80"]
[EventDate "2023.08.26"]
[EventType "team-swiss (rapid)"]
[EventRounds "12"]
[EventCountry "GER"]
[SourceTitle "CBM 215 Extra"]
[Source "ChessBase"]
[SourceDate "2023.09.30"]
[SourceVersion "1"]
[SourceVersionDate "2023.09.30"]
[SourceQuality "1"]
[WhiteTeam "Kenya Commercial Bank"]
[BlackTeam "Mitropa Chess Association"]
[WhiteTeamCountry "KEN"]
[BlackTeamCountry "GER"]

1. d4 Nf6 2. Bf4 d6 3. Nc3 Nbd7 4. e4 e5 5. Bg3 exd4 6. Qxd4 g6 7. 0-0-0 Bg7 8. Qd2 0-0 9. Kb1 b5 10. f3 b4 11. Nce2 Nb6 12. Nd4 Bd7 13. h4 h5 14. Bf4 Rb8 15. Bh6 c5 16. Bxg7 Kxg7 17. Nb3 c4 18. Nc1 c3 19. Qxd6 cxb2 20. Nb3 Na4 21. Rd4 Be6 22. Qe5 Qe8 23. Qa5 Qc6 24. Rxb4 Nc3+ 25. Kxb2 Bxb3 26. axb3 Nd1+ 27. Kc1 Ne3 28. Bd3 Nxg2 29. Ne2 Rbd8 30. Rd4 Rxd4 31. Nxd4 Qd6 32. Qc3 Rd8 33. Nb5 Qf4+ 34. Kb1 Nxh4 35. Nc7 Nxf3 36. Rf1 Nd2+ 37. Kb2 Nxf1 38. Nd5 Rxd5 39. exd5 Ne3 40. Bc4 Nd1+ 0-1

[Event "Nairobi op"]
[Site "Nairobi"]
[Date "2023.04.06"]
[Round "1"]
[White "Simons, Willy"]
[Black "Nguku Namale, Ben"]
[Result "0-1"]
[WhiteElo "1565"]
[BlackElo "1993"]
[PlyCount "80"]
[EventDate "2023.04.06"]
[EventType "swiss"]
[EventRounds "9"]
[EventCountry "KEN"]
[SourceTitle "EXT 2024"]
[Source "ChessBase"]
[SourceDate "2023.10.10"]
[SourceVersion "1"]
[SourceVersionDate "2023.10.10"]
[SourceQuality "1"]

1. e4 d5 2. exd5 Qxd5 3. Nc3 Qa5 4. Bc4 e5 5. d3 Nf6 6. Bd2 Qb6 7. Qe2 Bd6 8. 0-0-0 0-0 9. h4 c6 10. g4 a5 11. g5 Nfd7 12. Ne4 Be7 13. f4 Qc7 14. a3 b5 15. Ba2 b4 16. a4 Nb6 17. Bb3 exf4 18. Rf1 Nd5 19. h5 Be6 20. Nh3 Qc8 21. Nxf4 Nxf4 22. Bxf4 Bxb3 23. cxb3 Qe6 24. Qc2 Nd7 25. Qc4 Qd5 26. Re1 Rac8 27. Kb1 Qf5 28. Bd6 Nb6 29. Qc5 Qxc5 30. Bxc5 Bxc5 31. Nxc5 Nd5 32. Rh4 Rc7 33. Ree4 Rd8 34. h6 Re7 35. Rxe7 Nxe7 36. hxg7 Kxg7 37. d4 Nf5 38. Rf4 Nxd4 39. Ka2 Rd5 40. Ne4 Ne6 0-1

[Event "KEN Nat Team Selection"]
[Site "Ruaraka"]
[Date "2023.01.28"]
[Round "8"]
[White "Mcligeyo, Robert Oluka"]
[Black "Nguku Namale, Ben"]
[Result "1/2-1/2"]
[WhiteElo "1860"]
[BlackElo "1949"]
[PlyCount "47"]
[EventDate "2023.01.20"]
[EventType "tourn"]
[EventRounds "11"]
[EventCountry "KEN"]
[SourceTitle "CBM 213 Extra"]
[Source "ChessBase"]
[SourceDate "2023.05.31"]
[SourceVersion "1"]
[SourceVersionDate "2023.05.31"]
[SourceQuality "1"]

1. d4 d5 2. Nf3 Nf6 3. c4 e6 4. Nc3 Be7 5. Bf4 0-0 6. e3 c5 7. dxc5 Bxc5 8. Bg5 Nc6 9. cxd5 exd5 10. Be2 d4 11. exd4 Nxd4 12. Nxd4 Qxd4 13. Qxd4 Bxd4 14. Rd1 Bxc3+ 15. bxc3 Ne4 16. Bd2 Re8 17. f3 Nxd2 18. Rxd2 Be6 19. Kf2 Rac8 20. Rc1 Rc5 21. c4 h5 22. Rd4 Kf8 23. a4 Bxc4 24. Bxc4 1/2-1/2

[Event "TAN-ch op"]
[Site "Dar es Salaam"]
[Date "2019.11.01"]
[Round "2"]
[White "Nguku Namale, Ben"]
[Black "Kimaro, Godlove"]
[Result "1-0"]
[WhiteElo "2018"]
[BlackElo "1690"]
[PlyCount "63"]
[EventDate "2019.11.01"]
[EventType "swiss"]
[EventRounds "6"]
[EventCountry "TAN"]
[SourceTitle "EXT 2021"]
[Source "ChessBase"]
[SourceDate "2020.10.23"]
[SourceVersion "1"]
[SourceVersionDate "2020.10.23"]
[SourceQuality "1"]

1. d4 Nf6 2. Nf3 e6 3. c4 Bb4+ 4. Bd2 Bxd2+ 5. Nbxd2 d5 6. e3 0-0 7. Bd3 b6 8. 0-0 Bb7 9. Ne5 Nbd7 10. f4 c5 11. cxd5 exd5 12. Qf3 Qe7 13. g4 g6 14. g5 Nxe5 15. dxe5 d4 16. gxf6 Qd7 17. e4 b5 18. b3 Rac8 19. Rac1 Rc7 20. Rc2 Rfc8 21. Rfc1 a5 22. Qe2 Ba6 23. a4 c4 24. bxc4 bxa4 25. c5 Bxd3 26. Qxd3 Rb8 27. c6 Qd8 28. Rc4 Rb4 29. Rc5 Qa8 30. f5 h5 31. fxg6 fxg6 32. e6 1-0

[Event "TAN-ch op"]
[Site "Dar es Salaam"]
[Date "2019.11.01"]
[Round "1"]
[White "Taher, Hassuji"]
[Black "Nguku Namale, Ben"]
[Result "0-1"]
[WhiteElo "1514"]
[BlackElo "2018"]
[PlyCount "50"]
[EventDate "2019.11.01"]
[EventType "swiss"]
[EventRounds "6"]
[EventCountry "TAN"]
[SourceTitle "EXT 2021"]
[Source "ChessBase"]
[SourceDate "2020.10.23"]
[SourceVersion "1"]
[SourceVersionDate "2020.10.23"]
[SourceQuality "1"]

1. d4 d5 2. Bf4 Nf6 3. e3 Bg4 4. Nf3 e6 5. Bd3 Bd6 6. Bg3 0-0 7. Nbd2 c5 8. c3 Nc6 9. a3 e5 10. dxe5 Nxe5 11. Be2 Bxf3 12. Nxf3 Re8 13. Nxe5 Bxe5 14. Bxe5 Rxe5 15. 0-0 Qe7 16. Bf3 Rd8 17. Qa4 a6 18. Rfd1 g5 19. g3 Rd6 20. Bg2 b5 21. Qb3 Rxe3 22. fxe3 Qxe3+ 23. Kh1 Ng4 24. Rf1 Rh6 25. h3 Qxg3 0-1